| 000 | 01647cam a2200325 a 4500 | ||
|---|---|---|---|
| 001 | 17198680 | ||
| 005 | 20170105102841.0 | ||
| 008 | 120307s2012 nyu b 001 0 eng | ||
| 010 | _a 2012007719 | ||
| 020 | _a9780415611657 (hbk : alk. paper) | ||
| 040 |
_aDLC _cDLC |
||
| 042 | _apcc | ||
| 043 | _aa-ir--- | ||
| 050 | 0 | 0 |
_aJZ6009.I7 _bP57 2012 |
| 082 | 0 | 0 |
_a327.1/740955 _223 |
| 100 | 1 | _aPirseyedi, Bobi. | |
| 245 | 1 | 0 |
_aArms control and Iranian foreign policy : _bdiplomacy of discontent / _cBobi Pirseyedi. |
| 260 |
_aNew York : _bRoutledge, _c2012. |
||
| 300 |
_axv, 288 p. ; _c24 cm. |
||
| 504 | _aIncludes bibliographical references (p. 179-279) and index. | ||
| 505 | 0 | _aIntroduction -- Part 1. Conventional arms control: Islamic Iran and the shah's military legacy; arms control in the context of war: the Iran--Iraq conflict; from the cease-fire to global security networking -- Part 2. Chemical and biological arms control: Iraqi chemical threat; Iran's post-war chemical diplomacy; Islamic Iran and biological arms control -- Part 3. Nuclear arms control: formation of a diplomatic approach; from the cease-fire to the Test-Ban Treaty; from the test-ban to Iran's signing of the additional protocol -- Conclusion. | |
| 650 | 0 |
_aArms control _zIran _xHistory. |
|
| 650 | 0 |
_aDisarmament _zIran _xHistory. |
|
| 651 | 0 |
_aIran _xForeign relations _y1979-1997. |
|
| 651 | 0 |
_aIran _xForeign relations _y1997- |
|
| 651 | 0 |
_aIran _xMilitary policy. |
|
| 906 |
_a7 _bcbc _corignew _d1 _eecip _f20 _gy-gencatlg |
||
| 942 |
_2ddc _cBK |
||
| 999 |
_c13867 _d13867 |
||